000 00849nam1a22002531i 4500
001 rc\3786080
005 20240726082921.0
021 _aRU
_b75-90942
021 _aRU
_bРг421-76
035 _a(NLR Aleph) 007234052
090 _a7736396
_c7736396
100 _a20120207d1975 |||y0rusy50 ca
101 0 _arus
102 _aRU
105 _a z |||||
200 1 _aОпределители и элементы векторной алгебры
_eЧ. 1-
_fПенз. высш. арт. инж. училище им. Гл. Маршала артиллерии Н.Н. Воронова
210 _aПенза
_cБ. и.
_d1975
215 _d22
700 1 _aСергеева
_bГ.Г.
701 1 _aЖукова
_bЛ.И.
_gЛюдмила Ивановна
801 0 _aRU
_bNLR
_gpsbo
801 1 _aRU
_bELAR
_2rusmarc
852 _aNLR
_j75-6/5604
942 _cBOOK